000 01180nam a2200301 i 4500
003 EG-GICUC
005 20260121101537.0
008 251224m19951996ua ||||fr|||| 00| 0 ara d
040 _a EG-GICUC
_bara
_c EG-GICUC
_d EG-GICUC
_erda
041 0 _aara
082 0 4 _221
_a345.6
_bر أ . ف
092 0 4 _221
099 _aLaw1 07 345.6 ر أ . ف 1996
100 0 _aرأفت فودة
_eمؤلف.
245 1 2 _aالقرار الاداري :
_bدراسة مقارنة /
_cرأفت فودة.
264 1 _aالقاهرة :
_bمكتبة النصر-جامعة القاهرة,
_c1966.
300 _a120 ؛ صفحة
_c24 سم
_bإيضاحيات، صور، مثيليات ؛
336 _2rda content
_atext
337 _2rda media
_aComputer
338 _2rda carrier
_aOnline Resource
504 _aيحتوي على ارجاعات ببليوجرافية
546 _aالنص أغلبه باللغة العربية مع بعض النصوص الفرنسية
650 1 4 _aالقرارت الإدارية
_xالقانون الاداري
_2qrmak
651 1 _2qrmak
856 4 0 _uhttps://fll.law.cu.edu.eg/fulltext/bks/B07-01816.pdf
905 _a75
942 _2ddc
_cBK
_e21
_n0
999 _c52467
_d52467